Państwa leżące najbliżej Brazylii - Statystyki

Ogólne statystyki
  • Ten quiz został rozwiązany 2 093 razy
  • Średni wynik to 14 z 20
Statystyki odpowiedzi
km Państwo % Poprawnych
0 Argentyna
99%
713 Chile
97%
0 Kolumbia
93%
0 Urugwaj
93%
0 Peru
92%
0 Wenezuela
90%
0 Boliwia
89%
0 Paragwaj
89%
489 Ekwador
84%
1067 Panama
80%
0 Gujana
79%
0 Surinam
74%
0 Francja (Gujana Francuska)
64%
1117 Dominika
53%
542 Trynidad i Tobago
46%
868 Barbados
38%
762 Grenada
36%
948 Saint Lucia
36%
1318 Antigua i Barbuda
35%
826 Saint Vincent i Grenadyny
35%
Nie znaleziono quizów pasujących do podanych kryteriów
Rozkład punktacji
Procent ludzi z każdym wynikiem
Percentyl według liczby udzielonych odpowiedzi
Twoja historia wyników
Nie rozwiązałeś tego quizu